<?xml version="1.0" encoding="UTF-8"?>
<record
    xmlns:xsi="http://www.w3.org/2001/XMLSchema-instance"
    xsi:schemaLocation="http://www.loc.gov/MARC21/slim http://www.loc.gov/standards/marcxml/schema/MARC21slim.xsd"
    xmlns="http://www.loc.gov/MARC21/slim">

  <leader>00687nam a2200169Ia 4500</leader>
  <controlfield tag="003">SGT</controlfield>
  <datafield tag="020" ind1=" " ind2=" ">
    <subfield code="a">9789351401483</subfield>
  </datafield>
  <datafield tag="082" ind1=" " ind2=" ">
    <subfield code="a">537,AGA</subfield>
  </datafield>
  <datafield tag="100" ind1=" " ind2=" ">
    <subfield code="a">AGARWAL,J.P</subfield>
  </datafield>
  <datafield tag="245" ind1=" " ind2=" ">
    <subfield code="a">ELEMENTS OF MECHANICS</subfield>
  </datafield>
  <datafield tag="250" ind1=" " ind2=" ">
    <subfield code="a">16th Ed.</subfield>
  </datafield>
  <datafield tag="260" ind1=" " ind2=" ">
    <subfield code="b">PRAGATI PRAKASHAN</subfield>
    <subfield code="a">NEW DELHI</subfield>
    <subfield code="c">2014</subfield>
  </datafield>
  <datafield tag="300" ind1=" " ind2=" ">
    <subfield code="a">564p.</subfield>
  </datafield>
  <datafield tag="650" ind1=" " ind2=" ">
    <subfield code="a">ELECTRICITY &amp; ELECTRONICS</subfield>
  </datafield>
  <datafield tag="653" ind1=" " ind2=" ">
    <subfield code="a">VECTORS, FRAMES OF REFERENCE, RELATIVITY, CONSERVATIVE FIELDS AND POTENTIALS, MOTION UNDER CENTRAL FORCE, DYNAMICS OF CHARGED PARTICLES, DYNAMICS OF RIGID BORIES, THE MECHANICS OF NON-RIGID BODIES: ELASTICITY,THE MECHANICS OF FLUIDS: VISCOSITY,SURFACE TENSION, FREE DAMPED AND FORCED OSCILLATIONS IN ONE DIMENSION</subfield>
  </datafield>
  <datafield tag="942" ind1=" " ind2=" ">
    <subfield code="2">ddc</subfield>
    <subfield code="c">FPS</subfield>
    <subfield code="0">4</subfield>
  </datafield>
  <datafield tag="952" ind1=" " ind2=" ">
    <subfield code="0">0</subfield>
    <subfield code="1">0</subfield>
    <subfield code="2">ddc</subfield>
    <subfield code="4">0</subfield>
    <subfield code="7">0</subfield>
    <subfield code="8">FS</subfield>
    <subfield code="a">SSSL</subfield>
    <subfield code="b">SSSL</subfield>
    <subfield code="c">TXT</subfield>
    <subfield code="d">2014-11-25</subfield>
    <subfield code="e">SPARCH BOOK</subfield>
    <subfield code="g">285.00</subfield>
    <subfield code="i">SGTU</subfield>
    <subfield code="l">6</subfield>
    <subfield code="o">537 AGA</subfield>
    <subfield code="p">PS490</subfield>
    <subfield code="r">2018-12-05 00:00:00</subfield>
    <subfield code="s">2018-11-27</subfield>
    <subfield code="w">2014-11-25</subfield>
    <subfield code="y">FPS</subfield>
    <subfield code="k">1290</subfield>
  </datafield>
  <datafield tag="952" ind1=" " ind2=" ">
    <subfield code="0">0</subfield>
    <subfield code="1">0</subfield>
    <subfield code="2">ddc</subfield>
    <subfield code="4">0</subfield>
    <subfield code="7">0</subfield>
    <subfield code="8">FS</subfield>
    <subfield code="a">SSSL</subfield>
    <subfield code="b">SSSL</subfield>
    <subfield code="c">TXT</subfield>
    <subfield code="d">2014-11-25</subfield>
    <subfield code="e">SPARSH BOOK</subfield>
    <subfield code="g">285.00</subfield>
    <subfield code="i">SGTU</subfield>
    <subfield code="l">6</subfield>
    <subfield code="o">537 AGA</subfield>
    <subfield code="p">PS491</subfield>
    <subfield code="r">2018-11-29 00:00:00</subfield>
    <subfield code="s">2018-11-27</subfield>
    <subfield code="w">2014-11-25</subfield>
    <subfield code="y">FPS</subfield>
    <subfield code="k">1290</subfield>
  </datafield>
  <datafield tag="952" ind1=" " ind2=" ">
    <subfield code="0">0</subfield>
    <subfield code="1">0</subfield>
    <subfield code="2">ddc</subfield>
    <subfield code="4">0</subfield>
    <subfield code="7">0</subfield>
    <subfield code="8">FS</subfield>
    <subfield code="a">SSSL</subfield>
    <subfield code="b">SSSL</subfield>
    <subfield code="c">TXT</subfield>
    <subfield code="d">2014-11-25</subfield>
    <subfield code="e">SPARSH BOOK</subfield>
    <subfield code="g">285.00</subfield>
    <subfield code="i">SGTU</subfield>
    <subfield code="l">5</subfield>
    <subfield code="o">537 AGA</subfield>
    <subfield code="p">PS492</subfield>
    <subfield code="r">2023-07-15 00:00:00</subfield>
    <subfield code="s">2023-07-15</subfield>
    <subfield code="w">2014-11-25</subfield>
    <subfield code="y">FPS</subfield>
    <subfield code="k">1290</subfield>
  </datafield>
  <datafield tag="999" ind1=" " ind2=" ">
    <subfield code="c">6493</subfield>
    <subfield code="d">6493</subfield>
  </datafield>
</record>
